000 00692nam a22001337a 4500
040 _cRUA
082 _aVEM LAO 2021 B1.602 Or.
100 _aLAO SOCHEAT. ឡៅ សុជាតិ
245 _aGASTRO-INTESTINAL PARASITES IN DOMESTIC CHICKEN AT SOMRA ONG COMMUNE, ANG SNOUL DISTRICT, KANDAL PROVINCE. បរាសិតក្នុងប្រដាសរំលាយអាហារមាន់នៅឃុំសំរោងលើ ស្រុកអង្គស្នួល ខេត្តកណ្តាល
260 _aPhnom Penh
_bRUA
_c2021
300 _aIX.37P
_bVII.
_c29CM
856 _uhttps://drive.google.com/file/d/1fQRjph57P8y3bLZu_pFwIynZA9w-lTR8/view?usp=sharing
942 _cVEM
999 _c21668
_d21668